000 01070cam a22002054a 4500
005 20250605164243.0
008 250528s ||||||||||||||||||||||||d
035 _a21387
020 _a9788131756317
040 _aGR-AtMCL
_bgre
_dGR-AtMCL
_eAACR2
245 1 _aImplementing Cisco IP Routing (Route) / Foundation Learning Guide: Foundation learning for the ROUTE 642-902 Exam
250 _a1st
260 _bDorling Kindersley,
_c2011
300 _a946
520 _aThis book teaches you how to plan, configurate, maintain, and scale a routed network. Introduction, Routing Services, Configuring the Enhanced Interior Gateway Routing Protocol, Configuring the Open Shortest Path First Protocol, Manipulating Routine Updates, Implementing Path Control, Implementing a Border Gateway Protocol Solution for ISP Connectivity, Implementing Routing Facilities for Branch Offices and Mobile Workers, Implementing IPv6 in an Enterprise Network, Answers to Review Questions, Index.
700 1 _aTeare Diane
_97433
942 _cBK
999 _c6450
_d6450